| 000 | 00531nam a2200181 a 4500 | ||
|---|---|---|---|
| 001 | 2092 | ||
| 003 | CDMR | ||
| 005 | 20131210133002.0 | ||
| 008 | 130130s1988||||||||||||||||||||||||||||d | ||
| 020 | _a8428316007 | ||
| 040 |
_aCDMR _bcat _cCDMR |
||
| 100 | 1 |
_aCurras, Emilia _91555 |
|
| 245 | 1 | 3 |
_aLa información en sus nuevos aspectos _b: Ciencias de la Documentación _cEmilia Curras |
| 260 |
_aMadrid _c1988 _bParaninfo |
||
| 650 | 0 | 4 |
_92605 _aDocumentació |
| 650 | 0 | 4 |
_9320 _aCiències de la informació _xEnsenyament |
| 942 |
_cMON _2udc |
||
| 999 |
_c2092 _d2092 |
||